Podium du Rallye Pays de Faverges - Statistiques

Statistiques générales
  • Ce quiz a été pris 4 fois
  • Le résultat moyen est 16 sur 48
Statistiques - réponses
Vainqueur % Correct
Emeric Rey
100%
Jean-Pierre Bochatay
100%
Jérome Chavanne
100%
Kévin Bochatay
100%
Michel Giraldo
100%
Alain Triniane-Gambassi
50%
Cédric Robert
50%
Corentin Accigliaro
50%
Daniel Girardon
50%
Daniel Girardon
50%
Gilles Nantet
50%
Jean-Claude Mouchet
50%
Jean-Louis Neveu
50%
Jean-Pierre Ballet
50%
Laurent Caro
50%
Loic Blampey
50%
Lucas Darmezin
50%
Michel Bonfils
50%
Patrice Bonnefond
50%
Patrick Artru
50%
Pierre Bogey
50%
Sébastien Parmier
50%
Stéphane Michaud
50%
Stéphane Rodriguez
50%
Thibault Joram
50%
Yves Pezzutti
50%
Arnaud Monnet
0%
Benjamin Perrin
0%
Claudio Vona
0%
Clément Dub
0%
Daniel Carret
0%
Didier Deniset
0%
Dimitri Prud'homme
0%
Dominique Coudouel
0%
Eric Metral
0%
Jack Porte
0%
Jacques Sestach
0%
Jean-Francois Prévalet
0%
Jean-Luc Thévenod
0%
Jean-Marc Minoret
0%
Jean-Paul Perrin
0%
Jérémy Cretien
0%
Michel Pernoud
0%
Philippe Brun
0%
Pierre Charreton
0%
Sébastien Brouard
0%
Sébastien Bugnet
0%
Thierry Beaupellet
0%
Aucun quiz correspondant
Distribution des résultats
% des personnes avec chaque résultat
Percentile par nombre de réponses
Votre historique - résultats
Vous n’avez pas pris ce quiz